| 000 | 01627nam a22001697a 4500 | ||
|---|---|---|---|
| 008 | 120807t xxu||||| |||| 00| 0 eng d | ||
| 020 | _a0132279584 | ||
| 050 | _aQA76.73.B3 D46 | ||
| 100 | _aDeitel, H.M. | ||
| 245 |
_aVisual basic 2005: how to program. / _cHarvey M. Deitel and Paul J. Deitel |
||
| 260 |
_aNew Jersey: _bPrentice-hall, _c2006. |
||
| 300 |
_axl,1513 p.: _bill.; _c24cm. |
||
| 505 | _aContents: Introduction to computers, the Internet and Visual basic -- Introduction to the visual basic express 2005 IED -- Introduction to visual basic programming -- Introduction to classes and objects -- Control statements -- Control statements -- Methods : A Deeper look -- Arrays -- Classes and objects: A deeper look -- Object oriented programming: Inheritance -- Object-oriented programming: Polymorphism -- Exception handling -- Graphical user interface concepts -- Graphical user interface concepts -- Multithreading -- Strings, characteristics and regular expressions -- Graphics and multimedia -- Files and streams -- Extensible markup language -- Database, SQL and ADO.NET -- ASP.NET 2.0 Web forms and web controls -- Web services -- Networking: streams-based sockets and datagrams -- Data structures -- Generics -- Collections -- Operator precedence chart -- Number systems -- Using the visual studio 2005 debugger -- ASCII Chaaracter set -- Unicode -- Introduction to XHTML -- Introduction to XHTML -- XHTML special characters -- XHTML colors -onal diagram types- ATM case study code -- UML 2: Addititional diagram types -- Primitive types. | ||
| 650 | _aProgramming | ||
| 700 | _aDeitel, P.J. | ||
| 942 |
_2lcc _cBK |
||
| 999 |
_c1937 _d9437 |
||